[Event "Amager Klubmesterskab 2009"]
[Site "Sundbyoster"]
[Date "2009.03.31"]
[Round "8"]
[White "Friis, Jordy"]
[Black "Sorensen, Johnny"]
[Result "1-0"]
[WhiteElo "1427"]
[BlackElo "1273"]
[PlyCount "71"]
[EventDate "2009.??.??"]

1. e4 e5 2. Nf3 Nc6 3. Bb5 a6 4. Bxc6 bxc6 5. d4 d5 6. Nxe5 Qf6 7. O-O dxe4 8.
Qe2 Bf5 9. Nd2 c5 10. Nxe4 Qh4 11. Nxc5 Be7 12. c3 Qf6 13. Re1 Qd6 14. Qc4 Be6
15. Nxe6 fxe6 16. Qc6+ Qxc6 17. Nxc6 Nf6 18. Bg5 Bd6 19. Bxf6 gxf6 20. Rxe6+
Kd7 21. d5 Raf8 22. Rae1 Rf7 23. c4 Rg8 24. R1e3 Rfg7 25. g3 f5 26. Kh1 f4 27.
Rf3 h5 28. Ne5+ Bxe5 29. Rxe5 fxg3 30. Rxg3 h4 31. Rxg7+ Rxg7 32. h3 Rf7 33.
Kg2 Kd6 34. Re4 Rh7 35. b4 Rg7+ 36. Kf1 1-0

[Event "Amager Klubmesterskab 2009"]
[Site "Sundbyoster"]
[Date "2009.03.31"]
[Round "8"]
[White "Gade, Jens"]
[Black "Larsen, Ulrik Jejlskov"]
[Result "1-0"]
[WhiteElo "1394"]
[BlackElo "1638"]
[PlyCount "91"]
[EventDate "2009.??.??"]

1. f4 d5 2. Nf3 Bg4 3. e3 Nc6 4. Be2 e6 5. O-O Bd6 6. b3 Nh6 7. Bb2 Nf5 8. Ne5
Bxe5 9. fxe5 Bxe2 10. Qxe2 Qg5 11. Rf4 Nh4 12. g3 Ng6 13. Rf1 Ngxe5 14. Na3
O-O-O 15. Nb5 f5 16. Nd4 Rde8 17. Nf3 Nxf3+ 18. Qxf3 h5 19. Qf4 Qe7 20. a4 g5
21. Qf2 Rhg8 22. Ba3 Qg7 23. Kh1 h4 24. gxh4 Qe5 25. Rab1 gxh4 26. Qf4 Rg4 27.
Qxe5 Nxe5 28. Bb2 Nc6 29. Rg1 Nb4 30. Be5 Reg8 31. Rxg4 Rxg4 32. h3 Re4 33. Bf4
Nc6 34. d3 Rb4 35. c3 Rb6 36. d4 Ne7 37. b4 Rc6 38. Rc1 a5 39. bxa5 Rc4 40. Rg1
Kd7 41. Rg7 Ke8 42. Bg5 Nc6 43. Rxc7 Rxa4 44. Rxb7 Rxa5 45. Rc7 Nd8 46. Rc8 1-0

[Event "Amager Klubmesterskab 2009"]
[Site "Sundbyoster"]
[Date "2009.03.31"]
[Round "8"]
[White "Jacobsen, Mads Holger Bang"]
[Black "Nielsen, Mogens Bach"]
[Result "1/2-1/2"]
[WhiteElo "1791"]
[BlackElo "1755"]
[PlyCount "53"]
[EventDate "2009.??.??"]

1. d4 d5 2. c4 c6 3. Nf3 Nf6 4. Qc2 g6 5. Bg5 Bg7 6. e3 Na6 7. Nc3 O-O 8. cxd5
Nb4 9. Qb3 Nbxd5 10. Bd3 Qb6 11. Qxb6 axb6 12. Kd2 Nxc3 13. bxc3 b5 14. a3 Be6
15. Kc2 h6 16. Bxf6 Bxf6 17. e4 Rfd8 18. e5 Bg7 19. h3 Bd5 20. Rhe1 Ra4 21. Kb2
e6 22. Bc2 Ra7 23. a4 bxa4 24. Rxa4 Rxa4 25. Bxa4 Ra8 26. Bb3 Bxf3 27. gxf3
1/2-1/2

[Event "Amager Klubmesterskab 2009"]
[Site "Sundbyoster"]
[Date "2009.03.31"]
[Round "8"]
[White "Justesen, Martin"]
[Black "Herup, Charni"]
[Result "1/2-1/2"]
[WhiteElo "1467"]
[BlackElo "1485"]
[PlyCount "50"]
[EventDate "2009.??.??"]

1. e4 Nc6 2. d4 e5 3. d5 Nce7 4. Bg5 h6 5. Qh5 Nf6 6. Bxf6 gxf6 7. Nc3 Ng6 8.
O-O-O Bc5 9. Qf3 a6 10. Na4 Ba7 11. d6 cxd6 12. Rxd6 Nf4 13. g3 Qe7 14. Rd2 Ne6
15. Ne2 b5 16. Nac3 Bb7 17. Nd5 Bxd5 18. exd5 Ng5 19. Qf5 e4 20. Bg2 Bxf2 21.
Rdd1 Bc5 22. h4 Nf3 23. Bxf3 exf3 24. Qxf3 Qe3+ 25. Qxe3+ Bxe3+ 1/2-1/2

[Event "Amager Klubmesterskab 2009"]
[Site "Sundbyoster"]
[Date "2009.03.31"]
[Round "8"]
[White "Lunding, Peter M"]
[Black "Petersen, Nils"]
[Result "0-1"]
[WhiteElo "1912"]
[BlackElo "2032"]
[PlyCount "76"]
[EventDate "2009.??.??"]

1. d4 Nf6 2. Nf3 e6 3. Bg5 c5 4. e3 Nc6 5. c3 cxd4 6. exd4 Be7 7. Nbd2 O-O 8.
Bd3 h6 9. Bh4 b6 10. Qe2 Bb7 11. Nc4 d6 12. O-O Rc8 13. Rfe1 Qd7 14. Ne3 Nh5
15. g3 Bxh4 16. Nxh4 Nf6 17. f4 Rfe8 18. g4 Nh7 19. g5 f5 20. gxh6 gxh6 21. Kf2
Nf6 22. Rg1+ Kf7 23. Rg6 Ne7 24. Rxf6+ Kxf6 25. Qh5 Rh8 26. Nexf5 exf5 27. Bxf5
Qe8 28. Bg6 Qg8 29. Re1 Rf8 30. f5 Bc8 31. Nf3 Nxg6 32. fxg6 Qxg6 33. Qh4+ Kg7
34. Re7+ Rf7 35. d5 Rxe7 36. Qxe7+ Qf7 37. Qxd6 Rf8 38. Qe5+ Kh7 0-1

[Event "Amager Klubmesterskab 2009"]
[Site "Sundbyoster"]
[Date "2009.03.31"]
[Round "8"]
[White "Moller, Arne Vagn"]
[Black "Nielsen, John Holm"]
[Result "0-1"]
[WhiteElo "1764"]
[BlackElo "2003"]
[PlyCount "60"]
[EventDate "2009.??.??"]

1. e4 e5 2. Nf3 Nc6 3. Bb5 a6 4. Ba4 Nf6 5. O-O Be7 6. d4 b5 7. Bb3 d6 8. h3
O-O 9. c3 Bb7 10. d5 Na5 11. Bc2 c6 12. dxc6 Bxc6 13. Re1 Qc7 14. b3 Rad8 15.
Qe2 Rfe8 16. Bb2 d5 17. Nbd2 Bd6 18. Nh4 g6 19. g4 Qe7 20. Ng2 Nb7 21. b4 Bb8
22. a3 dxe4 23. Nxe4 Nxe4 24. Bxe4 Bxe4 25. Qxe4 Nd6 26. Qe2 Nc4 27. Bc1 e4 28.
Bf4 Bxf4 29. Nxf4 Rd2 30. Qf1 Qf6 0-1

[Event "Amager Klubmesterskab 2009"]
[Site "Sundbyoster"]
[Date "2009.03.31"]
[Round "8"]
[White "Nielsen, Bjorn"]
[Black "Larsen, Kim"]
[Result "0-1"]
[WhiteElo "1083"]
[BlackElo "1538"]
[PlyCount "66"]
[EventDate "2009.??.??"]

1. e4 c5 2. Nf3 Nc6 3. Be2 g6 4. O-O Bg7 5. c3 d5 6. d3 d4 7. c4 e5 8. Bd2 Nge7
9. Qc1 h5 10. h3 f5 11. Bg5 fxe4 12. dxe4 Qd6 13. Bxe7 Nxe7 14. Qd1 Bh6 15. Bd3
g5 16. Nh2 g4 17. hxg4 hxg4 18. Nxg4 Bd7 19. Qf3 Bg5 20. Re1 O-O-O 21. Nd2 Bxd2
22. Re2 Ba5 23. Qg3 Bxg4 24. Qxg4+ Kb8 25. f3 Rdg8 26. Qxg8+ Rxg8 27. Kf2 Qg6
28. Kf1 Qg3 29. a3 Ng6 30. Rf2 Nf4 31. Rc2 Qh2 32. b4 Qh1+ 33. Kf2 Rxg2# 0-1

[Event "Amager Klubmesterskab 2009"]
[Site "Sundbyoster"]
[Date "2009.03.31"]
[Round "8"]
[White "Nielsen, Jens Holm"]
[Black "Kokholm, Daniel"]
[Result "0-1"]
[WhiteElo "1829"]
[BlackElo "1909"]
[PlyCount "138"]
[EventDate "2009.??.??"]

1. f4 c5 2. Nf3 Nc6 3. e3 d5 4. Bb5 Bd7 5. O-O e6 6. Bxc6 Bxc6 7. b3 f6 8. Bb2
Qc7 9. Qe2 Bd6 10. Nc3 a6 11. a4 Ne7 12. g3 O-O-O 13. Nb5 axb5 14. axb5 Be8 15.
c4 Qb6 16. e4 d4 17. e5 Bb8 18. Ra4 Bg6 19. Rc1 Bh5 20. Qg2 Bxf3 21. Qxf3 fxe5
22. fxe5 Rdf8 23. Qg4 Ng6 24. b4 Rf5 25. bxc5 Qxc5 26. Qxd4 Qxd4+ 27. Bxd4 Rd8
28. Be3 Nxe5 29. c5 Nf3+ 30. Kg2 Nxd2 31. b6 Re5 32. Ra3 Red5 33. Rc2 Ne4 34.
c6 bxc6 35. Rxc6+ Kd7 36. Rc4 Nd6 37. Rg4 Nf5 38. b7 Rb5 39. Bg5 Rb2+ 40. Kh3
Rf8 41. Rd3+ Bd6 42. Bf4 g6 43. Rh4 h5 44. Bxd6 Nxd6 45. Rhd4 Rb6 46. g4 hxg4+
47. Kxg4 Ke7 48. h4 Rd8 49. h5 gxh5+ 50. Kxh5 Rxb7 51. Kg4 Rg8+ 52. Kf3 Nf5 53.
Rg4 Rh8 54. Kg2 Rb2+ 55. Kg1 Rbh2 56. Rg2 Rh1+ 57. Kf2 Ra1 58. Rd2 Rhh1 59. Ke2
Rhe1+ 60. Kd3 Ra3+ 61. Kc2 Rea1 62. Kb2 R1a2+ 63. Kb1 Ra1+ 64. Kb2 e5 65. Rh2
Ke6 66. Rh8 R3a2+ 67. Kc3 Rc1+ 68. Kd3 e4+ 69. Ke2 Ng3+ 0-1

[Event "Amager Klubmesterskab 2009"]
[Site "Sundbyoster"]
[Date "2009.03.31"]
[Round "8"]
[White "Svensson, John Michael"]
[Black "Varming, Thomas"]
[Result "1/2-1/2"]
[WhiteElo "1518"]
[BlackElo "1820"]
[PlyCount "47"]
[EventDate "2009.??.??"]

1. d4 c6 2. Nf3 d5 3. e3 Nf6 4. Be2 Bf5 5. Nc3 e6 6. O-O Bd6 7. Ne5 Nbd7 8. f4
h5 9. Bd2 Ng4 10. h3 Nh6 11. Be1 g5 12. Bxh5 Nxe5 13. fxe5 Be7 14. g4 Bh7 15.
Ne2 Rf8 16. Ng3 Qb6 17. b3 O-O-O 18. Qe2 f6 19. exf6 Bxf6 20. c3 Be7 21. Bf2
Bd6 22. e4 Bxg3 23. Bxg3 Bxe4 24. Bg6 1/2-1/2

[Event "Amager Klubmesterskab 2009"]
[Site "Sundbyoster"]
[Date "2009.04.14"]
[Round "9"]
[White "Gade, Jens"]
[Black "Lunding, Peter M"]
[Result "0-1"]
[WhiteElo "1394"]
[BlackElo "1912"]
[PlyCount "38"]
[EventDate "2009.??.??"]

1. f4 d5 2. Nf3 g6 3. e3 Bg7 4. Be2 Nf6 5. O-O O-O 6. Kh1 c5 7. c3 Nc6 8. d4 b6
9. Ne5 Bb7 10. Bd2 Ne4 11. Be1 f6 12. Nf3 e5 13. fxe5 fxe5 14. Nbd2 exd4 15.
Nxe4 dxe4 16. Bc4+ Kh8 17. Nd2 Ne5 18. Rxf8+ Qxf8 19. cxd4 Nxc4 0-1

[Event "Amager Klubmesterskab 2009"]
[Site "Sundbyoster"]
[Date "2009.04.14"]
[Round "9"]
[White "Herup, Charni"]
[Black "Nielsen, Bjorn"]
[Result "1-0"]
[WhiteElo "1485"]
[BlackElo "1083"]
[PlyCount "23"]
[EventDate "2009.??.??"]

1. d4 d5 2. e4 dxe4 3. Nc3 Nf6 4. f3 exf3 5. Nxf3 e6 6. Bg5 Be7 7. Bd3 O-O 8.
O-O Nbd7 9. Qe1 b6 10. Qh4 g6 11. Ne5 Re8 12. Nc6 1-0

[Event "Amager Klubmesterskab 2009"]
[Site "Sundbyoster"]
[Date "2009.04.14"]
[Round "9"]
[White "Justesen, Martin"]
[Black "Friis, Jordy"]
[Result "1/2-1/2"]
[WhiteElo "1467"]
[BlackElo "1427"]
[PlyCount "57"]
[EventDate "2009.??.??"]

1. e4 e5 2. Nf3 Nc6 3. Bb5 a6 4. Ba4 Nf6 5. O-O Be7 6. Nc3 b5 7. Bb3 d6 8. h3
O-O 9. d3 Bb7 10. a4 Na5 11. axb5 Nxb3 12. cxb3 axb5 13. Rxa8 Qxa8 14. Nxb5 c6
15. Nc3 Rd8 16. Bg5 h6 17. Bh4 Qa6 18. Nh2 Re8 19. f4 Nd7 20. Bxe7 Rxe7 21. f5
f6 22. Nf3 Qb6+ 23. Kh2 Nc5 24. Na4 Nxa4 25. bxa4 Qxb2 26. Qd2 Qxd2 27. Nxd2
Ba6 28. Rc1 Rc7 29. Rc3 1/2-1/2

[Event "Amager Klubmesterskab 2009"]
[Site "Sundbyoster"]
[Date "2009.04.14"]
[Round "9"]
[White "Kokholm, Daniel"]
[Black "Jacobsen, Mads Holger Bang"]
[Result "1/2-1/2"]
[WhiteElo "1909"]
[BlackElo "1791"]
[PlyCount "51"]
[EventDate "2009.??.??"]

1. d4 d5 2. e4 dxe4 3. Nc3 Nf6 4. f3 Bf5 5. g4 Bg6 6. g5 Nd5 7. Nxe4 e6 8. c4
Nb6 9. h4 Nc6 10. Be3 Bb4+ 11. Kf2 Be7 12. a4 a5 13. Ng3 Bd6 14. f4 Be7 15. h5
Bf5 16. Nxf5 exf5 17. d5 Nb8 18. Qd3 Qd7 19. h6 g6 20. Bd4 Rg8 21. Re1 Na6 22.
Bf6 Nc5 23. Qd4 Ne4+ 24. Rxe4 fxe4 25. Qxe4 Kf8 26. Bd4 1/2-1/2

[Event "Amager Klubmesterskab 2009"]
[Site "Sundbyoster"]
[Date "2009.04.14"]
[Round "9"]
[White "Larsen, Ulrik Jejlskov"]
[Black "Varming, Thomas"]
[Result "0-1"]
[WhiteElo "1638"]
[BlackElo "1820"]
[PlyCount "104"]
[EventDate "2009.??.??"]

1. d4 Nf6 2. Nf3 d5 3. e3 Bg4 4. Nbd2 Nbd7 5. c4 c6 6. Qb3 Qc7 7. Be2 e6 8. O-O
Bd6 9. Re1 O-O 10. Nf1 dxc4 11. Qxc4 Rfe8 12. Bd2 Ne4 13. Bb4 Ndf6 14. Bxd6
Nxd6 15. Qc2 Nde4 16. Bd3 Bxf3 17. gxf3 Ng5 18. Be2 h6 19. f4 Nge4 20. Bf3 Nd6
21. Ng3 Nc8 22. Kh1 Ne7 23. Rg1 Qa5 24. b4 Qa3 25. Nh5 Nxh5 26. Bxh5 Qxb4 27.
Rab1 Qa5 28. Bxf7+ Kxf7 29. Qh7 Rg8 30. Rxb7 Kf8 31. Rgb1 Qf5 32. Qxf5+ exf5
33. Rc7 Kf7 34. Rbb7 Rge8 35. Rxc6 Kf8 36. Rcc7 Rac8 37. Rd7 g5 38. fxg5 hxg5
39. a4 a5 40. d5 Rcd8 41. d6 Rxd7 42. Rxd7 Nd5 43. Ra7 Rd8 44. Rxa5 Rxd6 45.
Ra8+ Ke7 46. Kg2 Nf6 47. a5 Rd2 48. Ra7+ Ke6 49. Rg7 Ne4 50. a6 Rxf2+ 51. Kg1
Ra2 52. Rg6+ Kd5 0-1

[Event "Amager Klubmesterskab 2009"]
[Site "Sundbyoster"]
[Date "2009.04.14"]
[Round "9"]
[White "Nielsen, Mogens Bach"]
[Black "Moller, Arne Vagn"]
[Result "1/2-1/2"]
[WhiteElo "1755"]
[BlackElo "1764"]
[PlyCount "91"]
[EventDate "2009.??.??"]

1. c4 Nf6 2. Nc3 e6 3. e4 d6 4. d4 Be7 5. Nf3 Nc6 6. a3 O-O 7. Bd3 a6 8. O-O e5
9. d5 Na7 10. h3 c5 11. dxc6 bxc6 12. b4 Bd7 13. Be3 Qc7 14. Na4 c5 15. Rb1
Rfb8 16. bxc5 dxc5 17. Qc2 Qa5 18. Nc3 Nc6 19. Nd5 Nxd5 20. exd5 Nd4 21. Bxd4
exd4 22. Bxh7+ Kf8 23. Bf5 Bxf5 24. Qxf5 Kg8 25. Rxb8+ Rxb8 26. Ne5 Rf8 27. Nc6
Qc7 28. Re1 Bd6 29. Qe4 Qd7 30. Ne7+ Bxe7 31. Qxe7 Rd8 32. Qxd7 Rxd7 33. Re8+
Kh7 34. Rc8 d3 35. Rb8 Re7 36. Kf1 Re4 37. Rb3 d2 38. Rb1 Rxc4 39. Rd1 Rd4 40.
Ke2 Rxd5 41. Rxd2 Re5+ 42. Kd3 Kg6 43. Kc4 f6 44. g3 Kf5 45. Rd5 Ke4 46. Rd3
1/2-1/2

[Event "Amager Klubmesterskab 2009"]
[Site "Sundbyoster"]
[Date "2009.04.14"]
[Round "9"]
[White "Sorensen, Johnny"]
[Black "Svensson, John Michael"]
[Result "0-1"]
[WhiteElo "1273"]
[BlackElo "1518"]
[PlyCount "64"]
[EventDate "2009.??.??"]

1. d4 Nf6 2. c4 e6 3. Nc3 d5 4. e3 c6 5. Bd2 Be7 6. Bd3 Nbd7 7. Nf3 Nf8 8. O-O
Ng6 9. Re1 O-O 10. e4 dxe4 11. Nxe4 b6 12. h4 Re8 13. Qc2 Bb7 14. Nxf6+ Bxf6
15. h5 Nf8 16. Be4 Qc7 17. Be3 Rac8 18. Ng5 h6 19. Bh7+ Kh8 20. Nxf7+ Qxf7 21.
Bg6 Nxg6 22. hxg6 Qe7 23. c5 b5 24. Rad1 Rcd8 25. f4 Rd5 26. g4 Qf8 27. g5 Be7
28. Qh2 Rf5 29. Bc1 Bc8 30. b4 Bd8 31. Re4 Bc7 32. Rf1 Rxg5+ 0-1